00926nam a2200265Ia 450000500170000000800410001702000150005808200200007324500150009325000190010830000420012749000280016965000220019765000310021965000560025065000380030694200120034426400310035633600270038733700330041433800280044704000350047599900150051095201350052520220317000603.0160601s2004 sp a g 000 0 spa  a844941287004aR 577.0223bE1610aEcología a1a. edición  a81 páginas bilustraciones c25 cm  aAtlas visuales Océano142LEMBaEcología 142LEMBaEcosistemas vAtlas 142LEMBaCadenas de alimentación (Ecología)vAtlas142LEMBaGeografía humana vAtlas  2ddccBK aBarcelona bOcéanoc2004 atextobtxt2rdacontent asin mediaciónbn2rdamedia avolumenbnc2rdacarrier aCO-BoRNBPbspaerdacCO-BoRNBP c4479d4479 00102ddc40708006aMEMAPIRIbMEMAPIRIcREFd2024-01-11l0oR5770223 E16pMAP00001216r2024-01-11 15:37:43tEj.1w2024-01-11yBK